000 02258nam a2200433 c 4500
003 BLK
005 20230404030332.0
008 180408b bul|||||r ||||||| ||bul||
010 _aKNG00044483000
020 _a978-954-398-061-1
_bиздат.: Труд - на том(т. 3)(Труд)(мека подв.)
020 _a978-954-398-062-8
_bиздат.: Труд - на том(т. 3)(Труд)(твърда подв.)
020 _a978-954-491-660-2
_bиздат.: Жанет 45 - на том(т. 3)(Жанет 45)(мека подв.)
020 _a978-954-491-661-9
_bиздат.: Жанет 45 - на том(т. 3)(Жанет 45)(твърда подв.)
040 _aBLK
041 _aBUL
_cBUL
072 7 _2bullib
_aН84
_xБългарска художествена литература Н
080 _aБългарска литература
_b821.163.2
_x-94
_z821.163.2-94
080 _a
_b949.72.04/.05
_x(0:82-94)
_z949.72.04/.05(0:82-94)
100 1 _aЦанев, Стефан Неделчев
_d1936-
_gПисател, поет, драматург.
_9364639
139 _aЦанев, Стефан Неделчев
_bЦ 16
245 1 0 _aБългарски хроники
_bПоема : Т. 1 -
_cСтефан Неделчев Цанев.
_nТ. 3
_p1878 - 1943
250 _a2. доп. и попр. изд.
257 _aBGR
260 София
_c2007 -
300 _c21 см
380 _aX
500 _aОфс. изд.
650 4 _aБългария - история, нова - художествена литература
_9244902
651 4 _aБългария
_9241624
653 _aбългарска история
653 _aнова история
659 _aН
760 1 _3- на том(т. 3)(Труд)(мека подв.), - на том(т. 3)(Жанет 45)(мека подв.)
_aЦанев, Стефан Неделчев
_b2. доп. и попр. изд.
_dТруд, Жанет 45, 2010
_h559 с.
_nКор. загл. Български хроники : История на нашия народ от 1878 до 1943 г. - Т. 3 вкл. кн. 4. - 1. изд. 2008.
_tТ. 3 1878 - 1943
852 _aЦб 241580
856 4 _qpdf
_u
856 4 _qpdf
_u
942 _cKNG
_n0
_016
944 _aCR
_c09.12.2011
_lф /
_kВиолета_Тройчева
944 _aED
_c25.03.2014
_lф /
_k
999 _c40974
_d40974